00673nam a2200169Ia 4500001001800000003000900018008004100027040002300068041001100091100003600102245015000138250001100288260004600299300002500345490000900370501012400379230-BIL lo (4012)IT-MiSPE171229s9999||||xx |||||||||||||| ||und|| aIT-MiSPEcIT-MiSPE aLATINO aLouis Billot (Ludovicus Billot) 0a(XII) De Ecclesiae Sacramentis: Commentarius in Tertiam Partem S. ThomaebI. De Sacramentis in communi, de Baptismo, Confirmatione et Eucharistia a3a ed. aRomaebTyp. Pol. S.C. de Prop. Fidec1900 a619 p. [2 v.]c21 cm v 1° aEdizioni San Paolo srl - Piazza Soncino, 5 - 20092 CINISELLO BALSAMO (MI) (non commercial uses only) ® Copyright 2018